| 000 | 00827nam a2200265 a 4500 | ||
|---|---|---|---|
| 005 | 20250924063855.0 | ||
| 008 | 010912s1997 cl r 000 0 eng d | ||
| 020 | _a958200031X | ||
| 035 | _aUPN01000111380 | ||
| 049 | _aCG | ||
| 050 | 4 |
_aLB1062 _bB6.2 1997 |
|
| 100 | 1 | _aBorda Avila, Elizabeth | |
| 245 | 1 | 0 |
_aAyudas educativas : _bcreatividad y aprendizaje / _cElizabeth Borda Avila, Elizabeth Páez Rodríguez. |
| 250 | _a2a ed. | ||
| 260 |
_aSanta Fé de Bogotá : _bMagisterio, _c1997. |
||
| 300 | _a222 p. | ||
| 440 | 0 | _aAula abierta | |
| 650 | 4 |
_aPensamiento creativo (Educación) _95414 |
|
| 650 | 7 |
_aActividades creativas _2 _9137 |
|
| 650 | 4 |
_aMateriales didácticos _97263 |
|
| 650 | 4 |
_aMedios didácticos _920230 |
|
| 700 | 1 |
_aPáez Rodríguez, Elizabeth, _ecoaut. |
|
| 905 | _aLibro | ||
| 999 |
_c85288 _d85288 |
||